000 00798nam a2200253Ia 4500
003 OSt
005 20220928104221.0
006 a|||||r|||| 00| 0
007 ta
008 220927b |||||||| |||| 00| 0 eng d
020 _cINR 395.00
024 _a141089
037 _b185, 25/02/2019, Classic Book Service
_cTextual
040 _aSDCL
_cSDCL
_beng
041 _2eng
_aeng
082 _aV2y7M91, Q8 LR
100 _aChoudhury Soumyabrata
_9409665
245 0 _aAmbedkar and other immortals
_b An untouchable research programme
260 _aNew Delhi
_bNavayana Publishing
_c2018
300 _a272p.
_ccm.
650 _aReference
942 _hV2y7M91, Q8 LR
_cTEXL
_2CC
999 _c725230
_d725230